LEADER 02138nam0 2200457 i 450 001 VAN0114952 005 20220314091000.64 017 70$2N$a978-3-319-39092-5 100 $a20180216d2016 |0itac50 ba 101 $aeng 102 $aCH 105 $a|||| ||||| 200 1 $aMathematical paradigms of climate science$fFabio Ancona ... [et al.] editors 210 $a[Cham]$cSpringer$d2016 215 $aX, 228 p.$cill.$d24 cm 410 1$1001VAN0103233$12001 $aSpringer INdAM series$1210 $aBerlin [etc.]$cSpringer 500 1$3VAN0242857$aMathematical paradigms of climate science$91523442 606 $a35Q30$xNavier-Stokes equations [MSC 2020]$3VANC019723$2MF 606 $a35Q35$xPDEs in connection with fluid mechanics [MSC 2020]$3VANC022935$2MF 606 $a86-XX$xGeophysics [MSC 2020]$3VANC023269$2MF 606 $a86A05$xHydrology, hydrography, oceanography [MSC 2020]$3VANC023490$2MF 606 $a86A10$xMeteorology and atmospheric physics [MSC 2020]$3VANC027560$2MF 606 $a49N90$xApplications of optimal control and differential games [MSC 2020]$3VANC033550$2MF 606 $a00B20$xProceedings of conferences of general interest [MSC 2020]$3VANC033551$2MF 606 $a62P35$xApplications of statistics to physics [MSC 2020]$3VANC033593$2MF 610 $aClimate change$9KW:K 610 $aData Assimilation$9KW:K 610 $aEarth system processes$9KW:K 610 $aNumerical simuations$9KW:K 610 $aOptimal Control$9KW:K 620 $aCH$dCham$3VANL001889 702 1$aAncona$bFabio$3VANV051354 712 $aSpringer $3VANV108073$4650 801 $aIT$bSOL$c20240614$gRICA 856 4 $uhttp://dx.doi.org/10.1007/978-3-319-39092-5$zE-book ? Accesso al full-text attraverso riconoscimento IP di Ateneo, proxy e/o Shibboleth 899 $aBIBLIOTECA CENTRO DI SERVIZIO SBA$2VAN15 912 $fN 912 $aVAN0114952 950 $aBIBLIOTECA CENTRO DI SERVIZIO SBA$d15CONS SBA EBOOK 2356 $e15EB 2356 20180216 996 $aMathematical paradigms of climate science$91523442 997 $aUNICAMPANIA LEADER 02118nam0 22004453i 450 001 VAN00184514 005 20240806101112.347 017 70$2N$a9783319639017 100 $a20210716d2017 |0itac50 ba 101 $aeng 102 $aCH 105 $a|||| ||||| 200 1 $aEffective Field Theories for Heavy Majorana Neutrinos in a Thermal Bath$eDoctoral Thesis accepted by the Technical University of Munich, Germany$fSimone Biondini 210 $aCham$cSpringer$d2017 215 $axiii, 215 p.$cill.$d24 cm 410 1$1001VAN00104193$12001 $aSpringer theses$erecognizing outstanding Ph.D. research$1210 $aBerlin$cSpringer$d2010- 500 1$3VAN00184516$aEffective Field Theories for Heavy Majorana Neutrinos in a Thermal Bath$91826454 606 $a81-XX$xQuantum theory [MSC 2020]$3VANC019967$2MF 606 $a81Txx$xQuantum field theory; related classical field theories [MSC 2020]$3VANC027580$2MF 606 $a81V25$xOther elementary particle theory in quantum theory [MSC 2020]$3VANC034012$2MF 610 $aBaryon Asymmetry$9KW:K 610 $aCutting Rules$9KW:K 610 $aEffective field theory$9KW:K 610 $aHeavy Neutron Decays$9KW:K 610 $aLeptogenesis$9KW:K 610 $aMajorana Fermions$9KW:K 610 $aMajorana Neutrinos$9KW:K 610 $aOne-loop Calculations$9KW:K 610 $aThermal Field Theory$9KW:K 620 $aCH$dCham$3VANL001889 700 1$aBiondini$bSimone$3VANV165119$0819574 712 $aSpringer $3VANV108073$4650 801 $aIT$bSOL$c20241115$gRICA 856 4 $uhttp://doi.org/10.1007/978-3-319-63901-7$zE-book ? Accesso al full-text attraverso riconoscimento IP di Ateneo, proxy e/o Shibboleth 899 $aBIBLIOTECA DEL DIPARTIMENTO DI MATEMATICA E FISICA$1IT-CE0120$2VAN08 912 $fN 912 $aVAN00184514 950 $aBIBLIOTECA DEL DIPARTIMENTO DI MATEMATICA E FISICA$d08DLOAD e-book 3095 $e08eMF3095 20210716 996 $aEffective Field Theories for Heavy Majorana Neutrinos in a Thermal Bath$91826454 997 $aUNICAMPANIA